| 000 | 00544nam a2200169Ia 4500 | ||
|---|---|---|---|
| 003 | OSt | ||
| 005 | 20200608132436.0 | ||
| 008 | 190216s9999||||xx |||||||||||||| ||und|| | ||
| 040 | _coclc | ||
| 082 |
_a342.4209 _bKEI/C |
||
| 100 |
_a Keir, David Lindsay _91683 |
||
| 245 | 4 |
_aThe Constitutional History Of Modern Britan Since 1485 / _cDavid Lindsay Keir |
|
| 260 |
_bEnglish Language Book Society, _c1963. _aEdinburgh: |
||
| 300 | _a591p | ||
| 650 | _aWorld History | ||
| 942 |
_cBK _2ddc _h342.4209 _iKEI/C _k342.4209 _mKEI/C |
||
| 999 |
_c18661 _d18661 |
||